000 01405cam a22003371a 4500
001 14805
003 BD-RjUL
005 20211208235709.0
008 140208s1966 dcuabd bf f001 0 eng c
035 _a(BD-RjUL)14859
035 _a(OCoLC)6828657
040 _aU.S. Nat'l Agr. Libr.
_cCSjU
_dOCoLC
_dDNAL
_dDLC
_beng
041 _aeng
070 0 _a1
_bAg84Ah no.18
072 0 _aJ400
082 _a631.4
_bSOI 1966
245 0 0 _aSoil survey manual /
_cby Soil Survey Staff, Bureau of Plant Industry, Soils and Agricultural Engineering.
260 _aWashington, D.C. :
_bAgricultural Research Administration, U.S. Dept. of Agriculture,
_c1966.
300 _avii, 503 p. [16] pages of plates :
_bill., charts, maps ;
_c24 cm.
490 1 _aAgriculture handbook / United States Department of Agriculture ;
_vno. 18
500 _a"Revision and enlargement of U.S. Department of Agriculture Miscellaneous publication 274, the Soil survey manual, issued September 1937, and supersedes it."
500 _aIncludes index.
504 _aBibliography": p. 443-457.
650 0 _aSoil surveys.
_946113
710 1 _aUnited States.
_bBureau of Plant Industry, Soils, and Agricultural Engineering.
_946115
830 0 _vno. 18.
_9225372
830 0 _aAgriculture handbook (United States. Department of Agriculture) ;
_9225373
942 _2ddc
_cBK
999 _c14805
_d14805